000 02209cam a2200361 i 4500
999 _c46640
_d46640
001 768714001
003 CO-MdFUSB
005 20200528231245.0
007 ta
008 160822t2004 enka|||| |||| 00| 0 eng d
020 _a0567043908
040 _cCO-MdFUSB
_dCO-MdFUSB
_bEspañol
_erda
_aCO-MdFUSB
041 _aeng
082 _224
_aR 222.1107
_bW527g
100 1 _aWestermann, Claus
_eautor
245 0 0 _aGénesis
_c/ Claus Westermann ; traducido por David E. Green
264 1 _aLondon :
_bT & T Clark,
_c[2004]
264 4 _c© 2004
300 _a338 páginas
_c; 23 cm
336 _2rdacontent
_atexto
_btxt
337 _2rdamedia
_asin mediación
_bn
338 _2rdacarrier
_avolumen
_bnc
490 _aT & T Clark Academic Paperbacks
505 _aPrefacio; Introducción; La historia primaria; La creación del mundo, 1: 1-2: 4a; Creación y limitaciones de la raza humana, 2: 4b --3: 24; Caín y Abel; Los descendientes de Caín, cap. 4; Los descendientes de Caín, 4: 17-26; La genealogía primitiva, 5: 1-32; Los hijos de los dioses y los gigantes, 6: 1-4; El diluvio, 6: 5-9: 17, 28-29; Noé y sus hijos, 9: 18-27; La Mesa de las Naciones, 10: 1-32; La torre de Babel, 11: 1-9; La genealogía de Sem, 11: 10-26; Observaciones finales sobre la historia primaria; La historia patriarcal; Abraham, cap. 12-25; La transición a la historia de Abraham, 11: 27-32.
505 0 0 _aPreface; Introduction; The Primal History; The Creation of the World, 1:1 --2:4a; Creation and Limitations of the Human Race, 2:4b --3:24; Cain and Abel; the Descendants of Cain, ch. 4; The Descendants of Cain, 4:17-26; The Primeval Genealogy, 5:1-32; The Sons of the Gods and the Giants, 6:1-4; The Flood, 6:5 --9:17, 28-29; Noah and His Sons, 9:18-27; The Table of Nations, 10:1-32; The Tower of Babel, 11:1-9; The Genealogy of Shem, 11:10-26; Concluding Remarks on the Primal History; The Patriarchal History; Abraham, chs. 12 --25; The Transition to the Story of Abraham, 11:27-32.
563 _aRústico
630 0 7 _aBiblia.
_pGénesis
630 0 7 _aBiblia.
_pAntiguo Testamento
700 _93995
_aGreen, David Ezra,
_etraductor
942 _cREF
945 _aJTF-925